000 00885nam a2200277 a 4500
001 old000541
003 AR-MoUNM
005 20260327063756.0
008 070307s1985||||ag | |0||0||spa d
020 _a9502501139 (volumen 1)
020 _a9502501136 (volumen 2)
040 _aAR-MoUNM
082 0 _220
_a982.062
_bGODI 585
100 1 _aGodio, Julio.
_912201
245 1 3 _aLa caída de Perón :
_bde junio a setiembre de 1955 /
_cJulio Godio.
260 _aBuenos Aires :
_bCentro Editor América Latina,
_cc1985.
300 _a2 v. ;
_c18 cm.
490 0 _a(Biblioteca política argentina ;
_v114 ; 115)
600 1 _aPerón, Juan Domingo,
_92627
_d1895-1974
650 7 _2unescot
_aHISTORIA POLITICA
_990
650 7 _aDEMOCRACIA
_2unescot
_91123
650 7 _2unescot
_aDICTADURA
_9801
651 7 _2unescot
_aARGENTINA
_92590
653 _aPERONISMO
942 _cLIBRO
999 _c10461
_d10462